000 00218 a2200109 4500
020 _a9786079573539
041 _aspa
100 _aTwain, Mark
245 _aLas aventuras de Tom Sawyer
942 _cBK
999 _c10300
_d10300
999 _d10300